| 000 | 00561 a2200157 4500 | ||
|---|---|---|---|
| 999 |
_c2145 _d2145 |
||
| 020 | _a0770904203 | ||
| 050 | _aHV640.5 WOM 1997 | ||
| 100 | _aGertrud, Neuwirth (editor) | ||
| 245 |
_aWomen refugees in International perspectives 1980-1990 _bAn annotated bibliography _cedited by Gertrud Neuwirth and Christine Vincent |
||
| 264 |
_aOttawa _bResearch resource division for refugees _c1997 |
||
| 300 | _a348p. | ||
| 500 | _aResearch resource division for refugees | ||
| 650 |
_aRefugees _xWomen |
||
| 700 | _aVincent, Christine | ||
| 942 |
_2olc _cBK _h640.5 _iWOM _k1997 |
||